| 000 | 01105nam a2200253Ia 4500 | ||
|---|---|---|---|
| 003 | OSt | ||
| 005 | 20221005105138.0 | ||
| 006 | a|||||r|||| 00| 0 | ||
| 007 | ta | ||
| 008 | 221004b |||||||| |||| 00| 0 hin d | ||
| 020 |
_a817975166X (hbk) _c200 |
||
| 024 | _a97096 | ||
| 037 |
_b429, 25/03/2009, Swaraj Prakashan _cTextual |
||
| 040 |
_aCRL _cCRL _bhin |
||
| 041 |
_2hin _ahin |
||
| 082 | _aO152,1:gN, P8 | ||
| 100 | _aनंदा, वीरेन, संपा. | ||
| 245 | 0 |
_aखड़ी बोली का पद्य _b आधुनिक हिन्दी कविता की पहली किताब |
|
| 246 | _aKhaड़ī bolī kā padya: ādhunik hindī kavitā kī pahalī kitāba | ||
| 260 |
_aनई दिल्ली _bअनामिका पब्लिशर्स एंड डिस्ट्रीब्यूटर्स प्रा. लि. भारत _c2008 |
||
| 300 |
_a174पृ0 _ccm. |
||
| 942 |
_hO152,1:gN, P8 _cTEXL _2cc |
||
| 999 |
_c1014917 _d1014917 |
||